One (un)like the other: rethinking ethics, empathy, and transcendence from Husserl to Derrida
"Aims to rethink ethics and transcendence in light of the phenomenology of empathy and social ontology"--
| Main Author: | |
|---|---|
| Format: | Electronic Book |
| Language: | English |
| Subito Delivery Service: | Order now. |
| Check availability: | HBZ Gateway |
| Interlibrary Loan: | Interlibrary Loan for the Fachinformationsdienste (Specialized Information Services in Germany) |
| Published: |
Albany
State University of New York Press
[2024]
|
| In: | Year: 2024 |
| Series/Journal: | SUNY series in theology and continental thought
|
| Standardized Subjects / Keyword chains: | B
Derrida, Jacques 1930-2004
/ Heidegger, Martin 1889-1976
/ Husserl, Edmund 1859-1938
/ The Other
/ The Other
/ Ontology
/ Social philosophy
|
| Further subjects: | B
Other (Philosophy)
History 20th century
B Empathie - Histoire - 20e siècle B Social Sciences Philosophy 20th century B Altérité - Histoire - 20e siècle B Empathy History 20th century B Sciences sociales - Philosophie - 20e siècle |
| Online Access: |
Volltext (lizenzpflichtig) |
| Parallel Edition: | Non-electronic
|
MARC
| LEADER | 00000cam a2200000 c 4500 | ||
|---|---|---|---|
| 001 | 1907000631 | ||
| 003 | DE-627 | ||
| 005 | 20251227182219.0 | ||
| 007 | cr uuu---uuuuu | ||
| 008 | 241028s2024 xxu|||||o 00| ||eng c | ||
| 020 | |a 9781438499314 |c electronic bk. |9 978-1-4384-9931-4 | ||
| 020 | |a 1438499310 |c electronic bk. |9 1-4384-9931-0 | ||
| 035 | |a (DE-627)1907000631 | ||
| 035 | |a (DE-599)KEP106906127 | ||
| 035 | |a (EbpS)3836689 | ||
| 035 | |a (DE-627-1)106906127 | ||
| 040 | |a DE-627 |b ger |c DE-627 |e rda | ||
| 041 | |a eng | ||
| 044 | |c XD-US | ||
| 050 | 0 | |a BF575.E55 | |
| 082 | 0 | |a 152.4/1 |2 23/eng/20240726 | |
| 084 | |a 0 |2 ssgn | ||
| 084 | |a CI 1100 |q SEPA |2 rvk |0 (DE-625)rvk/18356: | ||
| 100 | 1 | |e VerfasserIn |0 (DE-588)1344825036 |0 (DE-627)1905548788 |4 aut |a Andrews, Michael F. |d 1964- | |
| 109 | |a Andrews, Michael F. 1964- | ||
| 245 | 1 | 0 | |a One (un)like the other |b rethinking ethics, empathy, and transcendence from Husserl to Derrida |c Michael F. Andrews |
| 264 | 1 | |a Albany |b State University of New York Press |c [2024] | |
| 300 | |a 1 Online-Ressource (xiii, 348 Seiten) | ||
| 336 | |a Text |b txt |2 rdacontent | ||
| 337 | |a Computermedien |b c |2 rdamedia | ||
| 338 | |a Online-Ressource |b cr |2 rdacarrier | ||
| 490 | 0 | |a SUNY series in theology and continental thought | |
| 500 | |a Includes bibliographical references | ||
| 520 | |a "Aims to rethink ethics and transcendence in light of the phenomenology of empathy and social ontology"-- | ||
| 650 | 0 | |a Empathy |x History |y 20th century | |
| 650 | 0 | |a Other (Philosophy) |x History |y 20th century | |
| 650 | 0 | |a Social Sciences |x Philosophy |y 20th century | |
| 650 | 4 | |a Empathie - Histoire - 20e siècle | |
| 650 | 4 | |a Altérité - Histoire - 20e siècle | |
| 650 | 4 | |a Sciences sociales - Philosophie - 20e siècle | |
| 689 | 0 | 0 | |d p |0 (DE-588)118677888 |0 (DE-627)283759666 |0 (DE-576)209274662 |2 gnd |a Derrida, Jacques |d 1930-2004 |
| 689 | 0 | 1 | |d p |0 (DE-588)118547798 |0 (DE-627)134177045 |0 (DE-576)208952551 |2 gnd |a Heidegger, Martin |d 1889-1976 |
| 689 | 0 | 2 | |d p |0 (DE-588)118555006 |0 (DE-627)133846865 |0 (DE-576)208965696 |2 gnd |a Husserl, Edmund |d 1859-1938 |
| 689 | 0 | 3 | |d s |0 (DE-588)4195640-0 |0 (DE-627)105210315 |0 (DE-576)210102489 |2 gnd |a Das Andere |
| 689 | 0 | 4 | |d s |0 (DE-588)4138928-1 |0 (DE-627)105639028 |0 (DE-576)209690135 |2 gnd |a Der Andere |
| 689 | 0 | 5 | |d s |0 (DE-588)4075660-9 |0 (DE-627)106085344 |0 (DE-576)209198907 |2 gnd |a Ontologie |
| 689 | 0 | 6 | |d s |0 (DE-588)4055876-9 |0 (DE-627)104598522 |0 (DE-576)209115726 |2 gnd |a Sozialphilosophie |
| 689 | 0 | |5 (DE-627) | |
| 776 | 1 | |z 9781438499291 | |
| 776 | 0 | 8 | |i Erscheint auch als |n Druck-Ausgabe |a Andrews, Michael F., 1964 - |t One (un)like the other |d Albany : Suny Press, 2024 |h xiii, 348 Seiten |w (DE-627)1897071043 |z 9781438499291 |z 9781438499307 |k Non-Electronic |
| 856 | 4 | 0 | |u https://search.ebscohost.com/login.aspx?direct=true&scope=site&db=nlebk&db=nlabk&AN=3836689 |m X:EBSCO |x Aggregator |z lizenzpflichtig |7 1 |
| 912 | |a ZDB-4-NLEBK | ||
| 912 | |a ZDB-4-EBA | ||
| 936 | r | v | |a CI 1100 |b Abhandlungen |k Philosophie |k Geschichte der Philosophie |k Geschichte der Philosophie des Abendlandes von Antike bis 20. Jahrhundert |k Philosophie des 20. Jahrhunderts |k Abhandlungen |0 (DE-627)1270648268 |0 (DE-625)rvk/18356: |0 (DE-576)200648268 |
| 951 | |a BO | ||
| ELC | |a 1 | ||
| ITA | |a 1 |t 1 | ||
| LOK | |0 000 xxxxxcx a22 zn 4500 | ||
| LOK | |0 001 4776324865 | ||
| LOK | |0 003 DE-627 | ||
| LOK | |0 004 1907000631 | ||
| LOK | |0 005 20250926094014 | ||
| LOK | |0 008 250926||||||||||||||||ger||||||| | ||
| LOK | |0 040 |a DE-21 |c DE-627 |d DE-21 | ||
| LOK | |0 092 |o n | ||
| LOK | |0 689 |a s |a eBook-EBSCO-eBook-Academic-Collection | ||
| LOK | |0 852 |a DE-21 | ||
| LOK | |0 852 1 |9 00 | ||
| LOK | |0 85640 |u https://search.ebscohost.com/login.aspx?direct=true&scope=site&db=nlebk&db=nlabk&AN=3836689 |z Zugriff für die Universität Tübingen | ||
| LOK | |0 912 |a ZDB-4-EBA | ||
| LOK | |0 935 |a ebok |a lbok | ||
| LOK | |0 939 |a 26-09-25 |b l01 | ||
| ORI | |a SA-MARC-ixtheoa001.raw | ||
| REL | |a 1 | ||
| STA | 0 | 0 | |a Ontology,Ontology,Being,Social philosophy,Theory of society,The Other |
| STB | 0 | 0 | |a Autrui,L'autre,L'autre,L’autre,Altérité,Altérité,Ontologie,Ontologie,Philosophie sociale |
| STC | 0 | 0 | |a El otro,Filosofía social,Lo otro,Ontología,Ontología |
| STD | 0 | 0 | |a Filosofia sociale,L'altro,Ontologia,Ontologia |
| STE | 0 | 0 | |a 存有论,本体论,存在论,社会哲学,那 另外的,那 不同的,那 另外的,那 另一个的 |
| STF | 0 | 0 | |a 本体 (信息科学),存有論,本體論,存在論,社會哲學,那 另外的,那 不同的,那 另外的,那 另一個的 |
| STG | 0 | 0 | |a Filosofia social,O Outro,O outro,Ontologia,Ontologia |
| STH | 0 | 0 | |a Другой (психология),Онтология (работа со знаниями),Онтология,Прочее,Социальная философия |
| STI | 0 | 0 | |a Κοινωνική φιλοσοφία,Ο Άλλος,Οντολογία (επεξεργασία γνώσης),Οντολογία,Το Άλλο |
| SUB | |a REL | ||
| SYG | 0 | 0 | |a Derida,1930-2004,Derida, Žak,1930-2004,Deridah, Z'ak,1930-2004,Derrida, J.,1930-2004,Dīrīdā, Ǧāk,1930-2004,Derrida, Jackes,1930-2004,Derrida, Jaques,1930-2004,Derrida, Zhak,1930-2004,Nterinta, Zak,1930-2004,Terida, Chak'ŭ,1930-2004,Terida, J.,1930-2004,Derrida, Žak,1930-2004,Delida,1930-2004,Derrida,1930-2004 , Haidege, Mading,1889-1976,Heidegger, M.,1889-1976,Haidegga,1889-1976,Haidegger, Martin,1889-1976,Chajdegger, M.,1889-1976,Chajdeger, Martin,1889-1976,Haideggā,1889-1976,Heidegeris, Martynas,1889-1976,Heidegers, Martins,1889-1976,Haidege'er, M.,1889-1976,Haidege'er,1889-1976,Haidegeri, Martin,1889-1976,Chaintenger, Martin,1889-1976,Chaïntenger, Martin,1889-1976,Haidegŏ, Marŭt'in,1889-1976,Haidege'er, Mading,1889-1976,Mading-Heidege'er,1889-1976,Mading-Haidege,1889-1976,Haidegŏ, M.,1889-1976,Haidigir, Mārtīn,1889-1976,Haidetugā, Marutein,1889-1976,Hāydigir, Mārtīn,1889-1976,Haidiǧir, Mārtin,1889-1976,Haidiġir, Mārtin,1889-1976,Haideggā, Marutein,1889-1976,Haidegā, Marutein,1889-1976,Haideggā, Marutin,1889-1976,Haydiger, Marṭin,1889-1976,Haidegā, M.,1889-1976,Hajdegger, Martin,1889-1976,Ma ding Hai de ge er,1889-1976,Mading-Haidegeer,1889-1976,Haidegeer, Mading,1889-1976,Hai de ge er,1889-1976,Haidegeer,1889-1976,Ma leu tin Ha i de geo,1889-1976,Maleutin-Haidegeo,1889-1976,Haidegeo, Maleutin,1889-1976,Heydeger,1889-1976,Hajdeger, Martin,1889-1976,Chajdegger, Martin,1889-1976,Haidegā,1889-1976,Heidegger,1889-1976,Khajdeggjer, Martin,1889-1976,Hajdėgger, Martin,1889-1976 , Husserl, Edmund Gustav Albrecht,1859-1938,Husserl, Edmund G.,1859-1938,Husserl, E.,1859-1938,Huserl, E. G.,1859-1938,Gusserl', Ĕdmund,1859-1938,Chuserl, Edmund,1859-1938,Huserl, Edmund,1859-1938,Hūsirl, Idmūnd,1859-1938,Husai'er,1859-1938,Aidemengde-Husai'er,1859-1938,Husai'er, Aidemengde,1859-1938,Hutusāru, E.,1859-1938,Chuserl, Entmunt,1859-1938,Husŏl, Edŭmunt'ŭ,1859-1938,Huserl, Edmond,1859-1938,Husserl, Edmundo,1859-1938,Gusserlʹ, Ė.,1859-1938,Ai de meng de Hu sai er,1859-1938,Aidemengde-Husaier,1859-1938,Husaier, Aidemengde,1859-1938,Hu sai er,1859-1938,Husaier,1859-1938,E deu mun teu Hu seol,1859-1938,Hu seol, E deu mun teu,1859-1938 , Alterität , Ontology,Ontology,Seinslehre,Seinsphilosophie , Politologie - nachbardisziplinäre Aspekte - Sozialphilosophie,Gesellschaftsphilosophie,Gesellschaftstheorie |



